Pocket facts insects
| Main Author: | |
|---|---|
| Format: | Book |
| Published: |
London :
Macmillan Publishers ,
1990
|
| Subjects: |
MARC
| LEADER | 00000cam a2200000 7i4500 | ||
|---|---|---|---|
| 001 | 0000006829 | ||
| 002 | 000007358 | ||
| 005 | 20000330.0 | ||
| 020 | |a 0333514556 | ||
| 090 | 0 | 0 | |a J 001 |b STE |
| 100 | 1 | |a Steele, Philip | |
| 245 | 1 | 0 | |a Pocket facts insects |c Philip Steele |
| 260 | |a London : |b Macmillan Publishers , |c 1990 | ||
| 300 | |a 32p. : |b ill ; |c 17cm. | ||
| 650 | 0 | 0 | |a Insects |x Juvenile literature |
| 999 | |a 027245 |b BUKU |c PINJAMAN |e PERPUSTAKAAN KOMUNITI PETALING JAYA | ||